header

The little data book on gender (Record no. 11632)

MARC details
000 -LEADER
fixed length control field 01155nam a2200301 a 4500
245 04 - TITLE STATEMENT
Title The little data book on gender
260 ## - PUBLICATION, DISTRIBUTION, ETC. (IMPRINT)
Place of publication Washington, D.C. :
Name of publisher World Bank,
Year of publication 2013.
300 ## - PHYSICAL DESCRIPTION
Number of Pages vi, 237 p.
490 0# - SERIES STATEMENT
Series statement World development indicators
650 #0 - SUBJECT ADDED ENTRY--TOPICAL TERM
Topical Term Women in development
Topical Term Women
Topical Term Women
856 40 - ELECTRONIC LOCATION AND ACCESS
Uniform Resource Identifier http://site.ebrary.com/lib/rucke/Doc?id=10690513

No items available.

© 2026 Rongo University
Contact us: librarian | system librarian | Rongo university